000
00274nam a2200109Ia 4500
008
220120s9999||||xx |||||||||||||| ||und||
100
_a
Das, Sumitabha
_9
1470
245
0
_a
UNIX-Concepts & Applications
260
_a
Tata mc graw hill
300
_b
115
650
_a
MECHANICHAL
999
_c
137275
_d
137275